U2 Discography - Statistics

General Stats
  • This quiz has been taken 1,673 times
  • The average score is 44 of 134
Answer Stats
October % Correct
One
86%
Sunday Bloody Sunday
85%
With or Without You
84%
Where the Streets Have No Name
81%
Beautiful Day
76%
I Still Haven't Found What I'm Looking For
76%
Pride (In the Name of Love)
76%
New Year's Day
73%
Vertigo
72%
October
64%
The Unforgettable Fire
64%
Mysterious Ways
62%
I Will Follow
61%
Zooropa
61%
The Fly
60%
Desire
57%
Elevation
57%
Bullet the Blue Sky
56%
Bad
52%
Gloria
51%
Angel of Harlem
49%
Zoo Station
49%
Lemon
47%
Discotheque
46%
Red Hill Mining Town
46%
Stuck in a Moment You Can't Get Out Of
46%
No Line on the Horizon
45%
Who's Gonna Ride Your Wild Horses
45%
All I Want is You
44%
Even Better than the Real Thing
44%
In God's Country
44%
40
43%
Running to Stand Still
43%
MLK
42%
One Tree Hill
42%
Walk On
42%
City of Blinding Lights
38%
Helter Skelter
38%
Kite
38%
Mothers of the Disappeared
38%
Numb
38%
Stay (Faraway, So Close!)
37%
Ultraviolet (Light My Way)
37%
When Love Comes to Town
37%
Acrobat
36%
Love Is Blindness
36%
Sometimes You Can't Make It on Your Own
36%
Exit
35%
Get On Your Boots
35%
A Sort of Homecoming
34%
Magnificent
34%
New York
34%
Until the End of the World
34%
Two Hearts Beat as One
33%
Staring at the Sun
32%
An Cat Dubh
31%
Seconds
30%
Daddy's Gonna Pay for Your Crashed Car
29%
Grace
29%
Mofo
29%
Out of Control
29%
Trip Through Your Wires
29%
Van Diemen's Land
29%
Wild Honey
29%
Miracle Drug
28%
So Cruel
28%
The Electric Co.
28%
The Wanderer
28%
Surrender
27%
Yahweh
27%
In a Little While
26%
I Threw a Brick Through a Window
26%
Wire
26%
All Along the Watchtower
25%
Babyface
25%
Hawkmoon 269
25%
Miami
25%
Stories for Boys
25%
Elvis Presley and America
24%
Please
24%
Crumbs from Your Table
23%
Silver and Gold
23%
Tryin to Throw Your Arms Around the World
23%
Wake Up Dead Man
23%
Fire
22%
Gone
21%
Shadows and Tall Trees/Untitled
21%
The Refugee
21%
Twilight
21%
All Because of You
20%
A Man and a Woman
20%
Drowning Man
20%
God Part II
20%
If God Will Send His Angels
20%
I'll Go Crazy if I Don't Go Crazy Tonight
20%
Last Night on Earth
20%
Like a Song
20%
Moment of Surrender
20%
Original of the Species
20%
Peace on Earth
20%
Red Light
20%
The Ocean
20%
Cedars of Lebanon
19%
Do You Feel Loved
19%
Heartland
19%
If You Wear that Velvet Dress
19%
The Playboy Mansion
19%
4th of July
18%
Dirty Day
18%
Tomorrow
18%
Unknown Caller
18%
Indian Summer Sky
17%
Into the Heart
17%
Rejoice
17%
Scarlet
17%
Some Days are Better Than Others
17%
When I Look at the World
17%
A Day Without Me
16%
Love and Peace or Else
16%
With a Shout (Jerusalem)
16%
Breathe
15%
Freedom for My People
15%
I Fall Down
15%
Love Rescue Me
15%
Promenade
15%
The First Time
15%
Another Time, Another Place
14%
Fez - Being Born
14%
Stand Up Comedy
14%
White as Snow
14%
Is That All?
13%
The Star Spangled Banner
13%
One Step Closer
12%
Stranger in a Strange Land
11%
No matching quizzes found
Score Distribution
Percent of People with Each Score
Percentile by Number Answered
Your Score History
You have not taken this quiz